000 00405nam a2200157 i 4500
001 bg
100 1 _aBOGOSLOVSKIJ, Vjaceslav N.
245 0 _aProcesy cieplne i wligotnościowe w budynkach /
_cW.N. Bogosłowski.
260 _aWarszawa,
_c1985.
700 1 _aBogosłowski, Wiaczesław N.
040 _cBPK
041 _apol
080 _a697
942 _cKS
008 s pl f |000 0 pol
999 _c2383
_d2383
856 _uhttp://koha.tu.koszalin.pl/cgi-bin/koha/opac-detail.pl?biblionumber=2383
_yKatalog online BPK